Тест на общие знания №27 - Statistics

General Stats
  • This quiz has been taken 47 times
  • The average score is 8 of 20
Answer Stats
Вопрос Ответ % Correct
Какая школьная принадлежность на 100% состоит из карбоната кальция? мел
78%
Какие зубы в стоматологии называют "тройками"? клыки
72%
В центре сюжета какой картины Фёдора Решетникова находится школьник, принёсший домой плохую оценку? "Опять двойка"
69%
В каком фильме Джим Керри играет роль персонажа, внезапно осознавшего, что вся его жизнь - телешоу, а окружающие его люди - актёры? "Шоу Трумана"
64%
Кто в английском языке обозначается словом "siblings"? братья и сёстры
44%
Каким животным является 192-летний Джонатан, в данный момент проживающий на острове Святой Елены? черепаха
44%
Какой персонаж называл кольцо "своей прелестью"? Голлум
39%
В кого превратился главный герой романа "Превращение" Франца Кафки? жук
39%
Согласно пословице, сани нужно готовить летом, а что нужно готовить зимой? телега
36%
Какой мультфильм Disney снят по мотивам романа Виктора Гюго? "Горбун из Нотр-Дама"
36%
Название какой частицы произошло от греческого слова, переводящегося как "свет"? фотон
33%
Каким словом называется взрослая форма насекомого? имаго
31%
Какой регион Китая до 1999-го года был португальской колонией? Макао
31%
Какой компании принадлежат бренды "Transformers" и "My Little Pony"? Hasbro
28%
Какой остров делят между собой Гаити и Доминиканская Республика? Эспаньола
22%
Что умели делать Симпсоны, Нострадамус и осьминог Пауль? предсказывать будущее
22%
Что испытали советские учёные в 1961-м году на архипелаге Новая Земля? Царь-бомба
19%
Между какими двумя чудищами из древнегреческой мифологии, согласно фразеологизму, находится человек, выбирающий из двух неизбежных зол? Сцилла и Харибда
19%
Какая африканская страна раньше была известна как Золотой Берег? Гана
17%
Из чьего молока делают кумыс? кобылье
17%
No matching quizzes found
Score Distribution
Percent of People with Each Score
Percentile by Number Answered
Your Score History
You have not taken this quiz